00953cam a2200277 i 450000100090000000300040000900500170001300800410003001000170007102000180008804000280010604200150013404300120014908200130016110000230017424501140019726400610031130000450037233600210041733700250043833800230046350400410048665000360052770000280056385600840059117995504OSt20230602094002.0140113s2013 ke a b 000 0 eng  a 2013441425 a9789966028433 aDLCbengcDLCerdadDLC alcodeapcc af-ke--- a322bNJO cKimani Njogud201300aCitizen participation in decision making :btowards inclusive development in Kenya /cedited by Kimani Njogu. 1aNairobi, Kenya :bTwaweza Communications Limited,c2013. axvi, 232 pages :billustrations ;c21 cm atext2rdacontent aunmediated2rdamedia avolume2rdacarrier aIncludes bibliographical references. 0aPolitical participationzKenya.1 aNjogu, Kimani,eeditor.413Table of contents onlyuhttp://www.loc.gov/catdir/toc/fy16pdf01/2013441425.html